000 01096pam a2200349 a 4500
999 _c4772
_d4772
001 85321
003 GBCCL
005 20241126110526.0
008 840430s1984 nyuab 000 0 eng
010 _a 84010052
015 _aGB84-24673
020 _a0191434523
020 _a0191434515 (pbk.)
035 _a(OCoLC)10778645
040 _aDLC
_cDLC
_dUKM
_dLBB
043 _aaw-----
049 _aLBBQ
_aLBBU
_aLBB1
050 0 _aBS630
_b.O96 1984
082 0 _a220.91
_219
_bOXF
090 _aBS630
_b.O96 1984
245 0 0 _aOxford Bible atlas /
_cedited by Herbert G. May ; with the assistance of G.N.S. Hunt ; in consultation with R.W. Hamilton.
250 _a3rd ed. /
_brev. for the 3rd ed. by John Day.
260 _aNew York :
_bOxford University Press,
_c1984.
300 _a144 p. :
_bill., col. maps ;
_c26 cm.
630 0 0 _aBible
_xGeography.
_91570
630 0 0 _aBible
_xGeography
_vMaps.
_91571
700 1 _aMay, Herbert Gordon,
_d1904-
_98706
700 1 _aHunt, G. N. S.
_98707
700 1 _aHamilton, R. W.
_98708
700 1 _aDay, John,
_d1948-
_98709
942 _2ddc
_cREF